Normal view MARC view
  • Toronto (Ont.)

Entry Geographic Name

Number of records used in: 2

001 - CONTROL NUMBER

  • control field: 11637

003 - CONTROL NUMBER IDENTIFIER

  • control field: NUST

005 - DATE AND TIME OF LATEST TRANSACTION

  • control field: 20180713112417.0

008 - FIXED-LENGTH DATA ELEMENTS

  • fixed length control field: 180713|| aca||aabn | a|a d

040 ## - CATALOGING SOURCE

  • Original cataloging agency: NUST
  • Transcribing agency: NUST

151 ## - HEADING--GEOGRAPHIC NAME

  • Geographic name: Toronto (Ont.)
  • General subdivision: Fiction.

670 ## - SOURCE DATA FOUND

  • Source citation: Work cat.: (NUST)173086: Atwood, Margaret, 1939- 11630, Cat's eye /, 1988.
© 2023 Central Library, National University of Sciences and Technology. All Rights Reserved.